United nations in the service of the common man / (Record no. 67551)

MARC details
000 -LEADER
fixed length control field 00615nam a22001697a 4500
005 - DATE AND TIME OF LATEST TRANSACTION
control field 20120606123333.0
020 ## - INTERNATIONAL STANDARD BOOK NUMBER
International Standard Book Number 8123003307
Terms of availability 45.00
035 ## - SYSTEM CONTROL NUMBER
System control number A-806224
037 ## - SOURCE OF ACQUISITION
Stock number DPL
Source of stock number/acquisition ENG
100 ## - MAIN ENTRY--PERSONAL NAME
Personal name Pandey, Manoj
245 ## - TITLE STATEMENT
Title United nations in the service of the common man /
Statement of responsibility, etc by Manoj Pandey and Onkar Kedia
260 ## - PUBLICATION, DISTRIBUTION, ETC. (IMPRINT)
Place of publication, distribution, etc New Delhi
Name of publisher, distributor, etc Publication Division
Date of publication, distribution, etc 1996
300 ## - PHYSICAL DESCRIPTION
Extent 130p.
Dimensions 18 cms.
700 ## - ADDED ENTRY--PERSONAL NAME
Personal name Kedia, Onkar
9 (RLIN) 48493
942 ## - ADDED ENTRY ELEMENTS (KOHA)
Source of classification or shelving scheme Dewey Decimal Classification
Item type English Books
Classification part 354.103
Call number suffix UNI
Holdings
Withdrawn status Lost status Not for loan Collection code Home library Current library Date acquired Cost, normal purchase price Full call number Barcode Cost, replacement price Koha item type
      Non-fiction Sarojini Nagar Sarojini Nagar 06/06/2012 45.00 354.103 UNI A-806224 45.00 English Books

© Delhi Public Library
Hit Counter
free hit counter